000 00353nam a2200145 a 4500
008 991209s1965||||xx 0 und c
040 _aSNK
_bslo
_cSNK
_eAACR2
100 1 _aHorák, Jiří
245 1 0 _aZbojnícke piesne slovenského ľudu
260 _aBratislava
_bSVKL
_c1965
300 _a698 s.
044 _axo
_cSK
041 _aslo
020 _c40
999 _c15090
_d15090